Maiores Campeões Nacionais - Statistics

Estatísticas Gerais
  • Esse quiz foi jogado 159 vezes
  • A pontuação média é 23 de 50
Estatísticas das Respostas
País Time Títulos % Correto
Brasil Palmeiras 10
94%
Argentina River Plate 36
92%
Alemanha Bayern München 30
89%
Portugal Benfica 37
83%
Espanha Real Madrid 34
83%
Itália Juventus 36
82%
Inglaterra Manchester United 20
81%
Chile Colo-Colo 32
78%
Países Baixos Ajax 34
77%
Uruguai Peñarol 50
71%
Paraguai Olimpia 44
67%
Bolívia Bolívar 29
66%
México América 13
65%
Escócia Rangers 54
65%
Colômbia Atlético Nacional 16
64%
Arábia Saudita Al-Hilal 15
60%
Grécia Olympiakos 45
59%
França Saint-Étienne 10
58%
Equador Barcelona 15
55%
Croácia Dínamo Zagreb 21
53%
Egito Al-Ahly 41
52%
Bulgária CSKA Sofia 31
52%
Turquia Galatasaray 22
52%
Estados Unidos LA Galaxy | New York Cosmos 5
52%
Bélgica Anderlecht 34
50%
Ucrânia Dynamo Kyiv 15
50%
Venezuela Caracas 12
48%
Peru Universitario 26
48%
Japão Sanfrecce Hiroshima | Kashima Antlers 8
45%
Suécia Malmö 20
39%
Áustria Rapid Wien 32
34%
Rep. Dem. do Congo TP Mazembe 17
34%
Rússia Spartak Moskva 10
32%
Polônia Legia Warszawa | Górnik Zabrze | Ruch Chorzów 14
29%
Sérvia Partizan 8
26%
Romênia FCSB 26
25%
Austrália Sydney | Melbourne Victory 4
25%
Hungria Ferencváros 31
24%
Costa Rica Saprissa 35
24%
República Tcheca Sparta Praha 12
24%
China Dalian Shide | Guangzhou Evergrande 8
22%
Marrocos Wydad Casablanca 20
17%
África do Sul Mamelodi Sundowns 9
16%
Noruega Rosenborg 26
16%
Catar Al-Sadd 14
12%
Suíça Grasshopper 27
11%
Irã Persepolis 13
8%
Dinamarca KB 15
4%
Coreia do Sul Pohang Steelers 8
3%
Índia Dempo | Mohun Bagan 5
0%
Nenhum quiz correspondente encontrado
Distribuição das Pontuações
Porcentagem de Pessoas com Cada Pontuação
Percentil de Números Respondidos
Sua Pontuação Histórica
Você não jogou esse quiz